| 000 | 00800cam a2200253 a 4500 | ||
|---|---|---|---|
| 999 |
_c6163 _d6163 |
||
| 001 | 3016433 | ||
| 003 | OSt | ||
| 005 | 20200106132937.0 | ||
| 008 | 941017s1995 njua b 001 0 eng | ||
| 020 | _a9788120309821 | ||
| 040 | _coclc | ||
| 082 | 0 | 0 |
_a332.6 _220 _bSHA/I |
| 100 |
_aSharpe, William F _91067 |
||
| 245 | 1 | 0 |
_aInvestments / _cWilliam F. Sharpe ; Gordon J. Alexander ; Jeffery V. Bailey |
| 250 | _a5th ed. | ||
| 260 |
_aNew Delhi: _bPrentice Hall of India Private Ltd. _c2001. |
||
| 300 | _a1058 p | ||
| 504 | _aIncludes bibliographical references and index. | ||
| 650 | 0 | _aInvestments. | |
| 650 | 0 | _aInvestment analysis. | |
| 700 | 1 |
_aAlexander, Gordon J., _d1947- _91087 |
|
| 700 | 1 | _aBailey, Jeffery V. | |
| 942 |
_2ddc _cBK _h332.6 _iSHA/I _k332.6 _mSHA/I |
||